| 000 | 00429nam a2200157Ia 4500 | ||
|---|---|---|---|
| 008 | 150509s9999 xx 000 0 und d | ||
| 020 | _a9976 78 006 0 | ||
| 082 | _a510 BAR | ||
| 100 | _aBaradyana, J. S. | ||
| 245 | _aQuantitative techniques manual | ||
| 260 | _aDar es Salaam: | ||
| 260 | _bNational Board of Accountants and Auditors (NBAA) | ||
| 260 | _c2000 | ||
| 300 | _axv, 232 p. : ill. ; 29 cm. | ||
| 650 | _aMathematics | ||
| 999 |
_c6448 _d6448 |
||